[Event "Wolrd Chess Olympiad 2018"]
[Site "Batumi"]
[Date "2018.10.05"]
[Round "11"]
[Board "3"]
[WhiteFideId "31000118"]
[White "Orio Rogelio L."]
[BlackFideId "12600784"]
[Black "Ajavon Anthony Obieni"]
[Result "1-0"]
[LiveChessVersion "1.4.8"]
[BlackElo "1902"]
[WhiteElo "1793"]

1. d4 {[%clk 1:30:50]} Nf6 {[%clk 1:30:39]} 2. Bf4 {[%clk 1:31:07]} e6
{[%clk 1:29:34]} 3. e3 {[%clk 1:31:22]} d5 {[%clk 1:29:02]} 4. Nf3
{[%clk 1:31:45]} Bd6 {[%clk 1:29:06]} 5. Bg3 {[%clk 1:32:04]} O-O
{[%clk 1:29:10]} 6. Nbd2 {[%clk 1:31:59]} a5 {[%clk 1:27:39]} 7. a4
{[%clk 1:32:17]} Qe7 {[%clk 1:26:12]} 8. c3 {[%clk 1:32:00]} Nbd7
{[%clk 1:21:27]} 9. Ne5 {[%clk 1:32:18]} c5 {[%clk 1:16:51]} 10. Bd3
{[%clk 1:31:59]} Rd8 {[%clk 1:12:04]} 11. O-O {[%clk 1:32:05]} Nf8
{[%clk 1:11:33]} 12. f4 {[%clk 1:30:59]} Ne8 {[%clk 1:06:19]} 13. Ndf3
{[%clk 1:29:14]} Bxe5 {[%clk 0:59:20]} 14. fxe5 {[%clk 1:29:06]} Ng6
{[%clk 0:55:13]} 15. Qe2 {[%clk 1:28:59]} Bd7 {[%clk 0:51:23]} 16. Rf2
{[%clk 1:29:11]} Nc7 {[%clk 0:49:37]} 17. h4 {[%clk 1:28:34]} Rdc8
{[%clk 0:43:44]} 18. Ng5 {[%clk 1:28:40]} f5 {[%clk 0:39:05]} 19. exf6 gxf6
{[%clk 0:39:30]} 20. Nh3 {[%clk 1:23:08]} c4 {[%clk 0:36:21]} 21. Bc2
{[%clk 1:23:13]} Qg7 {[%clk 0:34:57]} 22. Raf1 {[%clk 1:21:47]} Ne8
{[%clk 0:29:57]} 23. h5 {[%clk 1:20:52]} Nf8 {[%clk 0:28:41]} 24. Rf3
{[%clk 1:20:01]} Qg4 {[%clk 0:14:26]} 25. Bh2 {[%clk 1:18:54]} Kh8
{[%clk 0:12:07]} 26. Qf2 {[%clk 1:19:06]} Ng6 {[%clk 0:02:34]} 27. hxg6
{[%clk 1:18:56]} Ng7 {[%clk 0:01:32]} 28. Rg3 {[%clk 1:17:38]} Qh4
{[%clk 0:01:29]} 29. gxh7 {[%clk 1:16:51]} f5 {[%clk 0:01:17]} 30. Nf4
{[%clk 1:16:52]} Be8 {[%clk 0:01:09]} 31. Nxe6 {[%clk 1:16:15]} 1-0

[Event "Wolrd Chess Olympiad 2018"]
[Site "Batumi"]
[Date "2018.10.05"]
[Round "11"]
[Board "1"]
[WhiteFideId "11800011"]
[White "Berardi Giancarlo"]
[BlackFideId "10800166"]
[Black "Magana Ben"]
[Result "0-1"]
[LiveChessVersion "1.4.8"]
[BlackElo "2074"]
[WhiteElo "1766"]

1. c4 {[%clk 1:30:53]} Nf6 {[%clk 1:30:00]} 2. g3 {[%clk 1:31:08]} g6
{[%clk 1:30:24]} 3. Bg2 {[%clk 1:31:33]} Bg7 {[%clk 1:30:49]} 4. Nf3
{[%clk 1:31:48]} O-O {[%clk 1:31:17]} 5. O-O {[%clk 1:32:06]} d6 {[%clk 1:31:43]}
6. Nc3 {[%clk 1:31:59]} e5 {[%clk 1:31:38]} 7. d3 {[%clk 1:30:18]} Nc6
{[%clk 1:31:39]} 8. Bg5 {[%clk 1:28:56]} h6 {[%clk 1:32:00]} 9. Bd2
{[%clk 1:29:01]} Be6 {[%clk 1:31:45]} 10. Qc1 {[%clk 1:29:05]} Kh7
{[%clk 1:32:08]} 11. Rb1 {[%clk 1:28:11]} a5 {[%clk 1:32:29]} 12. a3
{[%clk 1:19:52]} Qd7 {[%clk 1:22:57]} 13. Rd1 {[%clk 1:19:26]} Bh3
{[%clk 1:18:37]} 14. Bh1 {[%clk 1:19:00]} Bg4 {[%clk 1:18:58]} 15. b4
{[%clk 1:14:19]} axb4 {[%clk 1:18:16]} 16. axb4 {[%clk 1:14:39]} Nd4
{[%clk 1:16:46]} 17. Be3 {[%clk 1:13:23]} Nf5 {[%clk 1:13:38]} 18. Bd2
{[%clk 1:09:47]} Rfe8 {[%clk 1:10:30]} 19. e3 {[%clk 0:50:44]} c6
{[%clk 1:08:06]} 20. b5 {[%clk 0:48:23]} d5 {[%clk 1:07:00]} 21. bxc6
{[%clk 0:47:44]} bxc6 {[%clk 1:07:29]} 22. Rf1 {[%clk 0:38:09]} dxc4
{[%clk 1:02:57]} 23. dxc4 {[%clk 0:37:37]} e4 {[%clk 1:00:08]} 24. Ne1
{[%clk 0:36:24]} Rad8 {[%clk 0:57:43]} 25. Rb2 {[%clk 0:32:51]} Nd6
{[%clk 0:57:53]} 26. Nb1 {[%clk 0:29:07]} Be2 {[%clk 0:55:21]} 27. Bb4
{[%clk 0:28:29]} Bxf1 {[%clk 0:55:23]} 28. Kxf1 {[%clk 0:28:41]} Qh3+
{[%clk 0:55:09]} 29. Bg2 {[%clk 0:28:43]} Qxh2 {[%clk 0:55:36]} 30. Rd2
{[%clk 0:28:09]} Nf5 {[%clk 0:54:30]} 31. Rxd8 {[%clk 0:28:03]} Rxd8
{[%clk 0:54:59]} 32. Nd2 {[%clk 0:27:11]} Nxe3+ {[%clk 0:50:26]} 33. fxe3
{[%clk 0:26:35]} Ng4 {[%clk 0:46:59]} 34. Nxe4 {[%clk 0:24:57]} Rd1
{[%clk 0:47:10]} 35. Qa3 {[%clk 0:23:13]} f5 {[%clk 0:36:58]} 36. Bf3
{[%clk 0:22:24]} Ra1 {[%clk 0:30:14]} 37. Qb3 {[%clk 0:21:17]} Rb1
{[%clk 0:26:38]} 38. Qa3 {[%clk 0:20:08]} Rxb4 {[%clk 0:23:43]} 39. Bxg4
{[%clk 0:19:24]} Rb2 {[%clk 0:23:40]} 40. Bf3 {[%clk 0:44:31]} fxe4
{[%clk 0:53:51]} 41. Bg2 {[%clk 0:44:38]} Qxg3 {[%clk 0:54:00]} 42. Qxb2
{[%clk 0:43:29]} Bxb2 {[%clk 0:54:19]} 43. Bxe4 {[%clk 0:43:50]} Qxe3
{[%clk 0:54:23]} 44. Bxc6 {[%clk 0:44:08]} Qf4+ {[%clk 0:54:33]} 45. Kg2
{[%clk 0:43:52]} Qxc4 {[%clk 0:54:24]} 46. Bf3 {[%clk 0:43:42]} 0-1

[Event "Wolrd Chess Olympiad 2018"]
[Site "Batumi"]
[Date "2018.10.05"]
[Round "11"]
[Board "2"]
[WhiteFideId "10800360"]
[White "Singe Philip Mbawala"]
[BlackFideId "11800046"]
[Black "Grassi Enrico"]
[Result "1/2-1/2"]
[LiveChessVersion "1.4.8"]
[BlackElo "1965"]
[WhiteElo "1845"]

1. e4 {[%clk 1:30:58]} d5 {[%clk 1:30:44]} 2. exd5 {[%clk 1:30:02]} Qxd5
{[%clk 1:31:06]} 3. Nc3 {[%clk 1:30:27]} Qa5 {[%clk 1:31:31]} 4. d4
{[%clk 1:30:31]} Nf6 {[%clk 1:31:34]} 5. Be2 {[%clk 1:30:49]} Bf5
{[%clk 1:30:33]} 6. Nf3 {[%clk 1:30:31]} c6 {[%clk 1:30:07]} 7. O-O
{[%clk 1:30:53]} e6 {[%clk 1:30:28]} 8. Bd2 {[%clk 1:30:17]} Nbd7
{[%clk 1:30:26]} 9. Ne4 {[%clk 1:28:31]} Qc7 {[%clk 1:30:45]} 10. Nxf6+
{[%clk 1:28:53]} Nxf6 {[%clk 1:31:10]} 11. c3 {[%clk 1:28:23]} Be7
{[%clk 1:31:01]} 12. h3 {[%clk 1:28:09]} O-O {[%clk 1:31:22]} 13. Qc1
{[%clk 1:26:02]} Rad8 {[%clk 1:30:47]} 14. Bf4 {[%clk 1:22:59]} Bd6
{[%clk 1:31:01]} 15. Bxd6 {[%clk 1:23:07]} Rxd6 {[%clk 1:30:36]} 16. Ne5
{[%clk 1:21:56]} Rfd8 {[%clk 1:28:28]} 17. Nc4 {[%clk 1:21:29]} R6d7
{[%clk 1:28:30]} 18. Ne5 {[%clk 1:21:17]} Rd5 {[%clk 1:26:36]} 19. Bc4
{[%clk 1:19:45]} R5d6 {[%clk 1:26:56]} 20. Bb3 {[%clk 1:18:49]} c5
{[%clk 1:25:17]} 21. Nc4 {[%clk 1:18:49]} R6d7 {[%clk 1:24:53]} 22. Ne5
{[%clk 1:19:07]} Re7 {[%clk 1:25:00]} 23. Nf3 {[%clk 1:18:54]} Be4
{[%clk 1:24:01]} 24. dxc5 {[%clk 1:17:56]} Bxf3 {[%clk 1:23:29]} 25. gxf3
{[%clk 1:18:24]} Qxc5 {[%clk 1:23:50]} 26. Qe3 {[%clk 1:18:17]} Qxe3
{[%clk 1:06:29]} 27. fxe3 {[%clk 1:18:18]} Red7 {[%clk 1:06:31]} 28. Rad1
{[%clk 1:15:16]} Kf8 {[%clk 1:02:21]} 29. Rxd7 {[%clk 1:11:55]} Rxd7
{[%clk 1:02:44]} 30. Rd1 {[%clk 1:12:18]} Rxd1+ {[%clk 1:02:23]} 31. Bxd1
{[%clk 1:12:41]} Nd5 {[%clk 1:01:47]} 32. Kf2 {[%clk 1:12:53]} Ke7
{[%clk 1:01:26]} 1/2-1/2

[Event "Wolrd Chess Olympiad 2018"]
[Site "Batumi"]
[Date "2018.10.05"]
[Round "11"]
[Board "3"]
[WhiteFideId "11800054"]
[White "Volpinari Danilo"]
[BlackFideId "10802088"]
[Black "Ngani Victor"]
[Result "1/2-1/2"]
[LiveChessVersion "1.4.8"]
[BlackElo "2022"]
[WhiteElo "1985"]

1. e4 {[%clk 1:30:52]} c5 {[%clk 1:30:58]} 2. c3 {[%clk 1:31:07]} g6
{[%clk 1:31:26]} 3. d4 {[%clk 1:31:06]} cxd4 {[%clk 1:31:54]} 4. cxd4
{[%clk 1:31:29]} d5 {[%clk 1:32:22]} 5. e5 {[%clk 1:25:47]} Nc6 {[%clk 1:32:21]}
6. Nc3 {[%clk 1:24:19]} Nh6 {[%clk 1:29:27]} 7. Nf3 {[%clk 1:20:54]} Bg4
{[%clk 1:21:22]} 8. Be2 {[%clk 1:20:25]} Bxf3 {[%clk 1:14:39]} 9. Bxf3
{[%clk 1:20:44]} e6 {[%clk 1:15:06]} 10. Be3 {[%clk 1:17:06]} Nf5
{[%clk 1:13:34]} 11. Qd2 {[%clk 1:13:06]} Nxe3 {[%clk 1:12:33]} 12. fxe3
{[%clk 1:11:11]} a6 {[%clk 1:12:29]} 13. O-O {[%clk 1:10:01]} Bh6
{[%clk 1:08:24]} 14. Rae1 {[%clk 0:59:02]} b5 {[%clk 1:05:03]} 15. Qf2
{[%clk 0:54:29]} O-O {[%clk 1:04:59]} 16. Rd1 {[%clk 0:51:50]} Qb6
{[%clk 0:49:14]} 17. Kh1 {[%clk 0:47:37]} Rad8 {[%clk 0:30:23]} 18. Rfe1
{[%clk 0:33:42]} Bg7 {[%clk 0:27:49]} 19. Rf1 f6 20. exf6 {[%clk 0:32:45]} Bxf6
{[%clk 0:27:44]} 21. Qg3 {[%clk 0:31:39]} Ne7 {[%clk 0:27:18]} 22. Bg4
{[%clk 0:30:31]} Nf5 {[%clk 0:26:25]} 23. Bxf5 {[%clk 0:29:42]} exf5
{[%clk 0:26:13]} 24. Rxf5 {[%clk 0:29:12]} Qe6 {[%clk 0:26:33]} 25. Rf3
{[%clk 0:27:32]} Kg7 {[%clk 0:20:10]} 26. Rdf1 {[%clk 0:26:20]} Rc8
{[%clk 0:18:40]} 27. Ne2 {[%clk 0:22:30]} Rc6 {[%clk 0:16:21]} 28. Nf4
{[%clk 0:22:20]} Qf5 {[%clk 0:16:39]} 29. Nh3 {[%clk 0:19:58]} Qc8
{[%clk 0:15:12]} 30. Nf4 {[%clk 0:19:35]} Qf5 {[%clk 0:15:04]} 31. Nh3
{[%clk 0:19:09]} Qc8 {[%clk 0:15:27]} 32. Nf4 {[%clk 0:17:45]} 1/2-1/2

[Event "Wolrd Chess Olympiad 2018"]
[Site "Batumi"]
[Date "2018.10.05"]
[Round "11"]
[Board "4"]
[WhiteFideId "10804714"]
[White "Methu Joseph Muragu"]
[BlackFideId "11800038"]
[Black "Righi Ezio"]
[Result "1/2-1/2"]
[LiveChessVersion "1.4.8"]
[BlackElo "2031"]
[WhiteElo "2041"]

1. d4 {[%clk 1:30:45]} d5 {[%clk 1:30:48]} 2. c4 {[%clk 1:31:04]} c6
{[%clk 1:31:03]} 3. Nc3 {[%clk 1:31:10]} Nf6 {[%clk 1:31:00]} 4. e3
{[%clk 1:31:25]} a6 {[%clk 1:29:02]} 5. c5 {[%clk 1:31:30]} Bf5 {[%clk 1:28:59]}
6. Bd3 {[%clk 1:31:25]} Bxd3 {[%clk 1:29:02]} 7. Qxd3 {[%clk 1:31:42]} Nbd7
{[%clk 1:29:20]} 8. f4 {[%clk 1:32:07]} b6 {[%clk 1:25:02]} 9. cxb6
{[%clk 1:30:38]} Qxb6 {[%clk 1:24:54]} 10. Nf3 {[%clk 1:31:03]} e6
{[%clk 1:23:32]} 11. a3 {[%clk 1:31:10]} c5 {[%clk 1:23:11]} 12. O-O
{[%clk 1:31:20]} cxd4 {[%clk 1:21:39]} 13. exd4 {[%clk 1:31:36]} Bd6
{[%clk 1:18:45]} 14. Kh1 {[%clk 1:31:32]} O-O {[%clk 1:18:00]} 15. f5
{[%clk 1:28:22]} e5 {[%clk 1:01:43]} 16. dxe5 {[%clk 1:27:05]} Nxe5
{[%clk 0:57:59]} 17. Nxe5 {[%clk 1:25:33]} Bxe5 {[%clk 0:58:01]} 18. Nxd5
{[%clk 1:25:12]} Nxd5 {[%clk 0:54:38]} 19. Qxd5 {[%clk 1:25:39]} Bf6
{[%clk 0:54:40]} 20. Rb1 {[%clk 1:23:10]} Rfd8 {[%clk 0:54:32]} 21. Qf3
{[%clk 1:23:19]} Rac8 {[%clk 0:51:08]} 22. b4 {[%clk 1:11:22]} Rc3
{[%clk 0:49:10]} 23. Qe4 {[%clk 1:05:54]} h6 {[%clk 0:37:37]} 24. a4
{[%clk 1:02:18]} Kh7 {[%clk 0:36:38]} 25. a5 {[%clk 0:34:35]} Qb5
{[%clk 0:31:13]} 26. Bb2 {[%clk 0:26:01]} Rc4 {[%clk 0:27:12]} 27. Qe2
{[%clk 0:25:01]} Re8 {[%clk 0:18:17]} 28. Qd3 {[%clk 0:15:28]} Rd8
{[%clk 0:17:59]} 29. Qe2 {[%clk 0:15:15]} Rxb4 {[%clk 0:13:48]} 30. Qxb5
{[%clk 0:15:35]} Rxb5 {[%clk 0:14:12]} 31. Bxf6 {[%clk 0:16:01]} Rxb1
{[%clk 0:14:06]} 32. Rxb1 {[%clk 0:16:31]} gxf6 {[%clk 0:14:11]} 33. g4
{[%clk 0:15:32]} Rd5 {[%clk 0:13:59]} 34. Rb6 {[%clk 0:15:57]} Rxa5
{[%clk 0:13:43]} 35. Rxf6 {[%clk 0:16:20]} Kg7 {[%clk 0:13:59]} 36. Rc6
{[%clk 0:16:40]} Ra2 {[%clk 0:13:52]} 37. Kg1 {[%clk 0:15:39]} a5
{[%clk 0:14:04]} 38. Rb6 {[%clk 0:15:20]} a4 {[%clk 0:14:10]} 39. Ra6
{[%clk 0:45:43]} a3 {[%clk 0:44:13]} 40. h4 {[%clk 0:45:56]} Kf8 {[%clk 0:44:29]}
41. g5 {[%clk 0:45:47]} hxg5 {[%clk 0:44:31]} 42. hxg5 {[%clk 0:46:11]} Ra1+
{[%clk 0:41:18]} 43. Kg2 {[%clk 0:46:30]} Kg7 {[%clk 0:40:42]} 1/2-1/2

[Event "Wolrd Chess Olympiad 2018"]
[Site "Batumi"]
[Date "2018.10.05"]
[Round "11"]
[Board "1"]
[WhiteFideId "19600054"]
[White "Hemam Moulaye Brahim"]
[BlackFideId "1126768"]
[Black "Belzo Krzysztof"]
[Result "0-1"]
[LiveChessVersion "1.4.8"]
[BlackElo "2057"]
[WhiteElo "2018"]

1. d4 {[%clk 1:30:56]} g6 {[%clk 1:30:57]} 2. Nf3 {[%clk 1:31:13]} Bg7
{[%clk 1:31:22]} 3. g3 {[%clk 1:31:35]} c5 {[%clk 1:31:45]} 4. c4
{[%clk 1:31:54]} cxd4 {[%clk 1:31:48]} 5. Nxd4 {[%clk 1:32:20]} Nc6
{[%clk 1:32:13]} 6. Nb3 {[%clk 1:31:07]} d6 {[%clk 1:31:50]} 7. Bg2
{[%clk 1:31:21]} Be6 {[%clk 1:30:45]} 8. N1d2 {[%clk 1:30:38]} Qd7
{[%clk 1:28:58]} 9. c5 {[%clk 1:27:26]} d5 {[%clk 1:25:06]} 10. Nf3
{[%clk 1:23:19]} Nf6 {[%clk 1:24:04]} 11. Nbd4 {[%clk 1:19:42]} Ne4
{[%clk 1:14:25]} 12. Nxe6 {[%clk 1:19:26]} Qxe6 {[%clk 1:12:53]} 13. O-O
{[%clk 1:19:31]} O-O {[%clk 1:11:14]} 14. Ng5 {[%clk 1:18:33]} Nxg5
{[%clk 1:02:27]} 15. Bxg5 {[%clk 1:18:54]} Rfd8 {[%clk 1:02:28]} 16. Qd2
{[%clk 1:12:37]} Rd7 {[%clk 1:00:01]} 17. Rad1 {[%clk 1:11:35]} Rad8
{[%clk 0:47:49]} 18. Rfe1 {[%clk 1:06:09]} a5 {[%clk 0:41:45]} 19. a3
{[%clk 1:03:28]} Qe5 {[%clk 0:38:05]} 20. b4 {[%clk 0:44:46]} axb4
{[%clk 0:36:07]} 21. axb4 {[%clk 0:44:59]} Qb2 {[%clk 0:21:43]} 22. Qxb2
{[%clk 0:41:48]} Bxb2 {[%clk 0:22:11]} 23. Bd2 {[%clk 0:42:05]} Ne5
{[%clk 0:21:08]} 24. Rb1 {[%clk 0:40:47]} Nc4 {[%clk 0:21:26]} 25. Bc1
{[%clk 0:36:53]} Bc3 {[%clk 0:18:13]} 26. Rd1 {[%clk 0:36:59]} e6
{[%clk 0:18:11]} 27. Bf1 {[%clk 0:35:27]} f5 {[%clk 0:17:12]} 28. Bg5
{[%clk 0:22:52]} Ra8 {[%clk 0:15:52]} 29. e4 {[%clk 0:22:34]} Ne5
{[%clk 0:14:54]} 30. Bb5 {[%clk 0:18:52]} Rf7 {[%clk 0:12:42]} 31. Bf4
{[%clk 0:17:55]} fxe4 {[%clk 0:12:17]} 32. Rb3 {[%clk 0:15:28]} Nf3+
{[%clk 0:12:04]} 33. Kg2 {[%clk 0:15:46]} Be5 {[%clk 0:12:01]} 34. Bh6
{[%clk 0:15:29]} Ra2 {[%clk 0:09:47]} 35. Bf1 {[%clk 0:10:31]} Nd4
{[%clk 0:09:19]} 36. Bf4 {[%clk 0:05:40]} Bxf4 {[%clk 0:06:43]} 37. Rxd4
{[%clk 0:05:34]} Be5 {[%clk 0:07:11]} 38. Rd1 {[%clk 0:05:22]} Rfxf2+
{[%clk 0:06:32]} 39. Kg1 {[%clk 0:05:42]} Rxh2 {[%clk 0:06:11]} 40. b5
{[%clk 0:35:39]} Rhb2 {[%clk 0:35:02]} 41. Rxb2 {[%clk 0:31:32]} Rxb2
{[%clk 0:33:28]} 42. c6 {[%clk 0:26:38]} bxc6 {[%clk 0:33:49]} 43. bxc6
{[%clk 0:27:06]} Rc2 {[%clk 0:33:26]} 44. Bb5 {[%clk 0:27:02]} Bxg3
{[%clk 0:33:41]} 45. Ra1 {[%clk 0:27:12]} h5 {[%clk 0:31:57]} 46. Ba4
{[%clk 0:24:38]} Rc4 {[%clk 0:31:47]} 47. Kg2 {[%clk 0:24:37]} Be5
{[%clk 0:31:21]} 48. Ra2 {[%clk 0:24:34]} Kg7 {[%clk 0:31:03]} 49. Bb5
{[%clk 0:24:27]} Rc5 {[%clk 0:31:21]} 50. Ba4 {[%clk 0:22:46]} g5
{[%clk 0:29:45]} 51. Rc2 {[%clk 0:19:54]} Rxc2+ {[%clk 0:29:47]} 52. Bxc2
{[%clk 0:20:23]} Kf6 {[%clk 0:29:22]} 53. Kh3 {[%clk 0:20:36]} Kf5
{[%clk 0:29:33]} 54. Bd1 {[%clk 0:20:06]} g4+ {[%clk 0:29:52]} 55. Kh4
{[%clk 0:19:28]} Kf4 {[%clk 0:30:05]} 56. Be2 {[%clk 0:18:06]} Bc7
{[%clk 0:30:18]} 0-1

[Event "Wolrd Chess Olympiad 2018"]
[Site "Batumi"]
[Date "2018.10.05"]
[Round "11"]
[Board "2"]
[WhiteFideId "15600017"]
[White "Wojciechowski Paul"]
[BlackFideId "19600160"]
[Black "Yahi Mohamed Salem"]
[Result "1-0"]
[LiveChessVersion "1.4.8"]
[BlackElo "1926"]
[WhiteElo "1904"]

1. e4 {[%clk 1:30:56]} d6 {[%clk 1:30:51]} 2. d4 {[%clk 1:31:10]} Nf6
{[%clk 1:31:11]} 3. Nc3 {[%clk 1:31:30]} g6 {[%clk 1:31:32]} 4. f4
{[%clk 1:31:12]} Bg7 {[%clk 1:31:46]} 5. Nf3 {[%clk 1:31:21]} Bg4
{[%clk 1:31:34]} 6. Be3 {[%clk 1:28:37]} O-O {[%clk 1:31:51]} 7. h3
{[%clk 1:28:16]} Bxf3 {[%clk 1:32:11]} 8. Qxf3 {[%clk 1:28:40]} Na6
{[%clk 1:32:00]} 9. e5 {[%clk 1:20:16]} Nh5 {[%clk 1:28:50]} 10. g4
{[%clk 1:16:24]} Nb4 {[%clk 1:28:50]} 11. O-O-O {[%clk 1:12:44]} c5
{[%clk 1:26:46]} 12. gxh5 {[%clk 1:09:18]} Qa5 {[%clk 1:26:59]} 13. a3
{[%clk 1:08:46]} cxd4 {[%clk 1:24:41]} 14. Bxd4 {[%clk 1:07:31]} Nc6
{[%clk 1:24:59]} 15. hxg6 {[%clk 1:03:02]} fxg6 {[%clk 1:24:43]} 16. Qd5+
{[%clk 0:56:31]} Qxd5 {[%clk 1:23:01]} 17. Nxd5 {[%clk 0:56:56]} Rac8
{[%clk 1:22:53]} 18. Bb5 {[%clk 0:53:28]} Nxd4 {[%clk 1:16:25]} 19. Rxd4
{[%clk 0:52:50]} Rc5 {[%clk 1:16:01]} 20. Ba4 {[%clk 0:52:31]} dxe5
{[%clk 1:15:02]} 21. fxe5 {[%clk 0:50:16]} e6 {[%clk 1:13:03]} 22. Nc3
{[%clk 0:48:36]} a6 {[%clk 1:12:27]} 23. Bb3 {[%clk 0:46:19]} Re8
{[%clk 1:08:35]} 24. Re1 {[%clk 0:43:28]} Bxe5 {[%clk 1:04:00]} 25. Rde4
{[%clk 0:43:10]} Bxc3 {[%clk 1:04:06]} 26. bxc3 {[%clk 0:43:31]} Rxc3
{[%clk 1:03:41]} 27. Rxe6 {[%clk 0:43:45]} Rxe6 {[%clk 1:03:44]} 28. Bxe6+
{[%clk 0:39:58]} Kf8 {[%clk 1:03:52]} 29. Kb2 {[%clk 0:40:15]} Rc6
{[%clk 1:02:17]} 30. Bb3 {[%clk 0:38:04]} Rf6 {[%clk 1:01:27]} 31. Bc4
{[%clk 0:35:28]} a5 {[%clk 0:59:53]} 32. Rf1 {[%clk 0:35:36]} Ke7
{[%clk 0:59:55]} 33. Rxf6 {[%clk 0:36:00]} Kxf6 {[%clk 1:00:10]} 34. Kb3
{[%clk 0:36:06]} Ke5 {[%clk 1:00:08]} 35. Ka4 {[%clk 0:35:53]} Kd4
{[%clk 1:00:30]} 36. Bd3 {[%clk 0:36:01]} Kc3 {[%clk 0:59:51]} 37. Kxa5
{[%clk 0:35:53]} 1-0

[Event "Wolrd Chess Olympiad 2018"]
[Site "Batumi"]
[Date "2018.10.05"]
[Round "11"]
[Board "3"]
[WhiteFideId "19601409"]
[White "Mohamed Lemine Mohamed"]
[BlackFideId "15600106"]
[Black "Mooney Graham"]
[Result "0-1"]
[LiveChessVersion "1.4.8"]
[BlackElo "1892"]
[WhiteElo "1844"]

1. e4 {[%clk 1:30:56]} g6 {[%clk 1:30:46]} 2. d4 {[%clk 1:30:59]} Bg7
{[%clk 1:30:54]} 3. Nc3 {[%clk 1:30:42]} c5 {[%clk 1:29:35]} 4. Be3
{[%clk 1:29:09]} Qa5 {[%clk 1:23:18]} 5. Be2 {[%clk 1:25:23]} Nf6
{[%clk 1:21:44]} 6. Bf3 {[%clk 1:21:37]} cxd4 {[%clk 1:20:42]} 7. Qxd4
{[%clk 1:15:07]} O-O {[%clk 1:19:12]} 8. e5 {[%clk 1:08:10]} Ne8 {[%clk 1:14:32]}
9. Qc5 {[%clk 1:06:06]} Qxc5 {[%clk 1:10:29]} 10. Bxc5 {[%clk 1:06:28]} d6
{[%clk 1:10:53]} 11. exd6 {[%clk 1:05:51]} Bxc3+ {[%clk 1:08:21]} 12. bxc3
{[%clk 1:06:08]} Nxd6 {[%clk 1:08:38]} 13. O-O-O {[%clk 1:03:30]} Rd8
{[%clk 1:07:07]} 14. Ne2 {[%clk 0:55:55]} Nc6 {[%clk 1:06:03]} 15. Nf4
{[%clk 0:53:38]} Ne5 {[%clk 0:56:27]} 16. Nd5 {[%clk 0:45:24]} Nec4
{[%clk 0:49:49]} 17. Nxe7+ {[%clk 0:45:05]} Kg7 {[%clk 0:49:03]} 18. Rd4
{[%clk 0:32:25]} Be6 {[%clk 0:45:38]} 19. Rhd1 {[%clk 0:32:11]} Rd7
{[%clk 0:45:00]} 20. Nxg6 {[%clk 0:23:39]} hxg6 {[%clk 0:43:42]} 21. Bxd6
{[%clk 0:23:57]} Nxd6 {[%clk 0:43:30]} 22. Rxd6 {[%clk 0:23:57]} Rc7
{[%clk 0:43:44]} 23. Kb2 {[%clk 0:22:51]} Rac8 {[%clk 0:42:25]} 24. R1d3
{[%clk 0:20:00]} Rc5 {[%clk 0:41:15]} 25. Bd5 {[%clk 0:15:37]} Bf5
{[%clk 0:39:43]} 26. Re3 {[%clk 0:15:14]} R8c7 {[%clk 0:39:48]} 27. h3
{[%clk 0:13:41]} Rb5+ {[%clk 0:34:38]} 28. Kc1 {[%clk 0:14:04]} g5
{[%clk 0:31:55]} 29. Kd2 {[%clk 0:06:55]} Rbc5 {[%clk 0:25:07]} 30. Bb3
{[%clk 0:04:15]} b5 {[%clk 0:24:12]} 31. Rd5 {[%clk 0:04:20]} Rxd5+
{[%clk 0:24:27]} 32. Bxd5 {[%clk 0:04:36]} Rd7 {[%clk 0:24:49]} 33. c4
{[%clk 0:00:54]} bxc4 {[%clk 0:25:06]} 34. Kc3 {[%clk 0:01:02]} Rxd5
{[%clk 0:25:23]} 35. Kxc4 {[%clk 0:01:30]} Be6 {[%clk 0:25:27]} 36. Rg3
{[%clk 0:00:34]} Kf6 {[%clk 0:24:28]} 37. Ra3 {[%clk 0:00:51]} Rd2+
{[%clk 0:23:29]} 38. Kc3 {[%clk 0:00:46]} Rxf2 {[%clk 0:23:49]} 0-1

[Event "Wolrd Chess Olympiad 2018"]
[Site "Batumi"]
[Date "2018.10.05"]
[Round "11"]
[Board "4"]
[WhiteFideId "15600289"]
[White "Ponomarenko John"]
[BlackFideId "19601441"]
[Black "Mohamed Abderrahim Taleb Mohamed"]
[Result "1-0"]
[LiveChessVersion "1.4.8"]
[BlackElo "1776"]
[WhiteElo "1631"]

1. d4 {[%clk 1:30:55]} d5 {[%clk 1:30:27]} 2. Bf4 {[%clk 1:31:15]} c5
{[%clk 1:30:15]} 3. c3 {[%clk 1:30:20]} Nc6 {[%clk 1:30:19]} 4. Nd2
{[%clk 1:28:54]} Qb6 {[%clk 1:29:03]} 5. Qc1 {[%clk 1:20:51]} cxd4
{[%clk 1:27:04]} 6. cxd4 {[%clk 1:20:21]} e5 {[%clk 1:23:50]} 7. dxe5
{[%clk 1:13:57]} Bf5 {[%clk 1:21:42]} 8. Ngf3 {[%clk 1:06:34]} Bc5
{[%clk 1:19:10]} 9. e3 {[%clk 0:59:22]} Nb4 {[%clk 1:18:34]} 10. Be2
{[%clk 0:48:56]} Nc2+ {[%clk 1:17:29]} 11. Kf1 {[%clk 0:48:59]} Nxa1
{[%clk 1:17:43]} 12. Qxa1 {[%clk 0:48:49]} Rc8 {[%clk 1:16:04]} 13. Nh4
{[%clk 0:47:03]} Be6 {[%clk 1:13:18]} 14. g4 {[%clk 0:44:08]} g6 {[%clk 1:10:58]}
15. h3 {[%clk 0:35:58]} Kd8 {[%clk 1:09:44]} 16. Kg2 {[%clk 0:33:53]} Kc7
{[%clk 1:09:50]} 17. Bf3 {[%clk 0:28:57]} Kb8 {[%clk 1:09:35]} 18. a3
{[%clk 0:28:17]} Be7 {[%clk 1:09:07]} 19. Bg3 {[%clk 0:27:38]} Qd8
{[%clk 1:09:17]} 20. Bxd5 {[%clk 0:25:56]} Qxd5+ {[%clk 1:08:49]} 21. Nhf3
{[%clk 0:24:54]} Rc2 {[%clk 1:08:59]} 22. Rd1 {[%clk 0:22:16]} h5
{[%clk 1:09:11]} 23. Qb1 {[%clk 0:19:08]} Rc8 {[%clk 1:07:45]} 24. Ne4
{[%clk 0:17:42]} Qc6 {[%clk 1:07:55]} 25. Nd4 {[%clk 0:15:20]} Qa4
{[%clk 1:07:50]} 26. g5 {[%clk 0:14:19]} Bd5 {[%clk 1:07:25]} 27. h4
{[%clk 0:13:26]} Bxe4+ {[%clk 1:06:35]} 28. Qxe4 {[%clk 0:13:31]} Qxd1
{[%clk 1:06:37]} 29. e6+ {[%clk 0:13:32]} Ka8 {[%clk 1:06:49]} 30. exf7
{[%clk 0:13:05]} Rc1 {[%clk 1:06:44]} 31. f8=Q+ {[%clk 0:12:52]} Bxf8 1-0